Affiche de film Disney pixelisées - Statistiques

Statistiques générales
  • Ce quiz a été pris 240 fois
  • Le résultat moyen est 11 sur 15
Statistiques - réponses
Par images Réponse % Correct
La reine des neiges
98%
Rebelle
97%
La belle et la bête
96%
Le roi lion
96%
Vaiana
92%
Raiponce
91%
Vice versa
91%
Fantasia
72%
Coco
69%
Toy story
64%
Aladdin
59%
Lilo et Stitch
53%
La princesse et la grenouille
37%
En avant
34%
Pinocchio
19%
Aucun quiz correspondant
Distribution des résultats
% des personnes avec chaque résultat
Percentile par nombre de réponses
Votre historique - résultats
Vous n’avez pas pris ce quiz